| 000 | 00606nam a22002171 4500 | ||
|---|---|---|---|
| 001 | 105233 | ||
| 003 | ES-MaACL | ||
| 005 | 20230906183822.0 | ||
| 007 | t| | ||
| 008 | 060619s1969 sp ||||0| spa d | ||
| 016 | 7 | _zIND9200523920 | |
| 017 | _aV 175-1969 | ||
| 040 |
_aM-BN _bspa _cA2 |
||
| 080 | _a621-52 | ||
| 100 | 1 |
_aLópez Navarro, Tomás. _973823 |
|
| 245 | 1 | 0 |
_aAutomatismo y control / _cTomás López Navarro. |
| 260 |
_aBarcelona : _bGustavo Gili, _c[1969] |
||
| 300 |
_aVIII, 370 p : _bil. ; _c27 cm. |
||
| 650 | 1 | 4 |
_aControl automático. _911337 |
| 852 |
_aES-MaACL _jC-36390 _bR.69359 |
||
| 999 |
_c105233 _d105233 |
||